| 000 | 00447nam a2200169Ia 4500 | ||
|---|---|---|---|
| 008 | 190516s9999 xx 000 0 und d | ||
| 100 | _aCrisostomo, Shiela | ||
| 245 | _aFood grilling increasing air pollution -- expert/ | ||
| 245 | _cShiela Crisostomo | ||
| 260 | _bThe Philippine Star | ||
| 260 | _c2018 | ||
| 300 | _aAugust 12 | ||
| 440 | _aThe Philippine Star | ||
| 650 | _aair pollution | ||
| 650 | _afood grilling | ||
| 650 | _aHealth | ||
| 999 |
_c361863 _d361863 |
||